000
00312nam a22001337a 4500
008
170131b xxu||||| |||| 00| 0 eng d
020
_a
9780834209862
041
_a
eng
080
_2
4TH
_a
61
100
_a
3
101
_a
SHMI
245
_a
THE EFFECTIVE HEALTH CARE SUPERVISOR
_c
MCCONELL, CH.R
942
_2
udc
_c
BK
999
_c
4068
_d
4068